ბათუმის შოთა რუსთაველის სახელმწიფო უნივერსიტეტის ბიბლიოთეკა

ქართული პროზა:წ.13:სოფრომ მგალობლიშვილი.ეკატერინე გაბაშვილი (ბიბ.ჩანაწერი № 43719)

000 -LEADER
fixed length control field 01088nam a2200217Ia 4500
001 - CONTROL NUMBER
control field 10460
003 - CONTROL NUMBER IDENTIFIER
control field GE_BSU
008 - FIXED-LENGTH DATA ELEMENTS--GENERAL INFORMATION
fixed length control field 181216s||||||||xx |||||||||||||| ||und||
020 ## - INTERNATIONAL STANDARD BOOK NUMBER
International Standard Book Number 9789992895269
040 ## - CATALOGING SOURCE
Transcribing agency GE_BSU
080 ## - UNIVERSAL DECIMAL CLASSIFICATION NUMBER
Universal Decimal Classification number 821.353.1–3+821.353.1–32+821.353.1–31
245 ## - TITLE STATEMENT
Title ქართული პროზა:წ.13:სოფრომ მგალობლიშვილი.ეკატერინე გაბაშვილი
245 ## - TITLE STATEMENT
Statement of responsibility, etc. შემდგ:გ.გვერდწითელი;რ.თვარაძე. სარედ.კოლ:გრ.აბაშიძე, ე.მაღრაძე და სხვ; რედ:ნ.აბესაძე;მხატვ:დ.დუნდუა.
260 ## - PUBLICATION, DISTRIBUTION, ETC.
Place of publication, distribution, etc. თბილისი
260 ## - PUBLICATION, DISTRIBUTION, ETC.
Name of publisher, distributor, etc. საბჭოთა საქართველო
260 ## - PUBLICATION, DISTRIBUTION, ETC.
Date of publication, distribution, etc. 1987
300 ## - PHYSICAL DESCRIPTION
Extent 556გვ;20სმ.
653 ## - INDEX TERM--UNCONTROLLED
Uncontrolled term ქართული პროზა:წ.13:სოფრომ მგალობლიშვილი.ეკატერინე გაბაშვილი
942 ## - ADDED ENTRY ELEMENTS (KOHA)
Koha item type წიგნი
ეგზემპლარები
Withdrawn status Lost status Damaged status Not for loan Date acquired Barcode Date last seen Price effective from Koha item type Public note
        2018-12-17 34200 2018-12-17 2018-12-17 წიგნი  
        2018-12-17 34201 2018-12-17 2018-12-17 წიგნი  
        2018-12-17 34202 2018-12-17 2018-12-17 წიგნი  
        2018-12-17 34203 2018-12-17 2018-12-17 წიგნი 8ლ